Nazwij Pasujące Państwo #3 - Statystyki

Ogólne statystyki
  • Ten quiz został rozwiązany 95 razy
  • Średni wynik to 9 z 15
Statystyki odpowiedzi
Podpowiedz Państwo % Poprawnych
Państwo na C Czechy / Czad / Czarnogóra / Chorwacja / Chile / Chiny / Cypr
100%
Państwo na G Gruzja / Grecja / Gwatemala / Gwinea / Gwinea Bissau / Ghana / Grenada / Gwinea Równikowa / Gambia / Gabon / Gujana
84%
W jakim Państwie znajduje się Wulkan "Etna" Włochy
81%
Państwo na Półwyspie Skandynawskim Szwecja / Norwegia / Finlandia
80%
Graniczy z Laos Tajlandia / Wietnam / Chiny / Kambodża / Birma
77%
Gdzie Leży miasto Reims? Francja
62%
Państwo kończące się na S Laos / Honduras / Barbados / Mauritius / Saint Kitts i Nevis
59%
Gdzie Leży miasto Pretoria ? Republika Południowej Afryki
59%
Państwo Leżące przy morzu "Martwym" Jordania / Izrael
57%
Stolicą Administracyjną Holandii jest ? Haga
52%
Graniczy z Dżibuti Erytrea / Somalia / Etiopia
49%
Szczyt o nazwie " Ojos Del Salado " do kogo należy? Chile
29%
Stolica Paramaribo gdzie się znajduje? Surinam
28%
Gdzie jest Największy Alkoholizm w Europie? Litwa / Łotwa
27%
"Góry pontyjskie" do jakiego państwa należą ? Turcja
18%
Nie znaleziono quizów pasujących do podanych kryteriów
Rozkład punktacji
Procent ludzi z każdym wynikiem
Percentyl według liczby udzielonych odpowiedzi
Twoja historia wyników
Nie rozwiązałeś tego quizu